Optimal database marketing (Record no. 480789)

MARC details
000 -LEADER
fixed length control field 01523cam a2200361 a 4500
001 - CONTROL NUMBER
control field EDZ0000063608
003 - CONTROL NUMBER IDENTIFIER
control field StDuBDS
005 - DATE AND TIME OF LATEST TRANSACTION
control field 20161031105151.0
006 - FIXED-LENGTH DATA ELEMENTS--ADDITIONAL MATERIAL CHARACTERISTICS--GENERAL INFORMATION
fixed length control field m||||||||d||||||||
007 - PHYSICAL DESCRIPTION FIXED FIELD--GENERAL INFORMATION
fixed length control field cr |||||||||||
008 - FIXED-LENGTH DATA ELEMENTS--GENERAL INFORMATION
fixed length control field 120315s2002 caua fo| 001|0|eng|d
020 ## - INTERNATIONAL STANDARD BOOK NUMBER
International Standard Book Number 9781452231167 (ebook) :
Terms of availability No price
040 ## - CATALOGING SOURCE
Original cataloging agency StDuBDS
Language of cataloging eng
Transcribing agency StDuBDS
Description conventions pn
049 ## - LOCAL HOLDINGS (OCLC)
Holding library Alfaisal Main Library
050 #0 - LIBRARY OF CONGRESS CALL NUMBER
Classification number HF5415.126
Item number .D76 2002
082 04 - DEWEY DECIMAL CLASSIFICATION NUMBER
Classification number 658.84
Edition number 23
100 1# - MAIN ENTRY--PERSONAL NAME
Personal name Drozdenko, Ronald G.
245 10 - TITLE STATEMENT
Title Optimal database marketing
Medium [electronic resource] :
Remainder of title strategy, development, and data mining /
Statement of responsibility, etc Ronald G. Drozdenko, Perry D. Drake.
260 ## - PUBLICATION, DISTRIBUTION, ETC. (IMPRINT)
Place of publication, distribution, etc Thousand Oaks, Calif. ;
-- London :
Name of publisher, distributor, etc SAGE,
Date of publication, distribution, etc c2002.
300 ## - PHYSICAL DESCRIPTION
Extent 1 online resource (xxii, 398 p.) :
Other physical details ill.
520 8# - SUMMARY, ETC.
Summary, etc This informative book looks at the long-term impact of database marketing techniques on the organisation, customers, both actual and prospective, and society in general. The authors advise on how to use databases to build strong customer relationships.
521 ## - TARGET AUDIENCE NOTE
Target audience note Specialized.
588 ## -
-- Description based on print version record.
504 ## - BIBLIOGRAPHY, ETC. NOTE
Bibliography, etc Includes bibliographical references and index.
650 #0 - SUBJECT ADDED ENTRY--TOPICAL TERM
Topical term or geographic name as entry element Database marketing.
650 #0 - SUBJECT ADDED ENTRY--TOPICAL TERM
Topical term or geographic name as entry element Electronic commerce.
655 #7 - INDEX TERM--GENRE/FORM
Genre/form data or focus term Electronic books.
Source of term local
700 1# - ADDED ENTRY--PERSONAL NAME
Personal name Drake, Perry D.
710 2# - ADDED ENTRY--CORPORATE NAME
Corporate name or jurisdiction name as entry element Sage eBooks
776 08 - ADDITIONAL PHYSICAL FORM ENTRY
Display text Print version :
International Standard Book Number 9780761923572
856 40 - ELECTRONIC LOCATION AND ACCESS
Uniform Resource Identifier <a href="http://ezproxy.alfaisal.edu/login?url=http://sk.sagepub.com/books/optimal-database-marketing">http://ezproxy.alfaisal.edu/login?url=http://sk.sagepub.com/books/optimal-database-marketing</a>
942 ## - ADDED ENTRY ELEMENTS (KOHA)
Source of classification or shelving scheme Library of Congress Classification
Koha item type eBooks

No items available.

Copyright © 2020 Alfaisal University Library. All Rights Reserved.
Tel: +966 11 2158948 Fax: +966 11 2157910 Email:
librarian@alfaisal.edu